ბათუმის შოთა რუსთაველის სახელმწიფო უნივერსიტეტის ბიბლიოთეკა

ვინაც ააშენა (ბიბ.ჩანაწერი № 43225)

000 -LEADER
fixed length control field 00894nam a2200253Ia 4500
001 - CONTROL NUMBER
control field 9952
003 - CONTROL NUMBER IDENTIFIER
control field GE_BSU
008 - FIXED-LENGTH DATA ELEMENTS--GENERAL INFORMATION
fixed length control field 181216s||||||||xx |||||||||||||| ||und||
040 ## - CATALOGING SOURCE
Transcribing agency GE_BSU
080 ## - UNIVERSAL DECIMAL CLASSIFICATION NUMBER
Universal Decimal Classification number 377(479.22)
100 ## - MAIN ENTRY--PERSONAL NAME
Personal name ალავერდაშვილი,გიორგი
245 ## - TITLE STATEMENT
Title ვინაც ააშენა
245 ## - TITLE STATEMENT
Remainder of title პროფესიულ-ტექნიკური განათლება აჭარაში.
245 ## - TITLE STATEMENT
Statement of responsibility, etc. რედ:ალ.კაპანაძე
260 ## - PUBLICATION, DISTRIBUTION, ETC.
Place of publication, distribution, etc. ბათუმი.
260 ## - PUBLICATION, DISTRIBUTION, ETC.
Name of publisher, distributor, etc. საბჭ.აჭარა.
260 ## - PUBLICATION, DISTRIBUTION, ETC.
Date of publication, distribution, etc. 1988.
300 ## - PHYSICAL DESCRIPTION
Extent 87გვ;20სმ.
300 ## - PHYSICAL DESCRIPTION
Other physical details ფოტოები
653 ## - INDEX TERM--UNCONTROLLED
Uncontrolled term ვინაც ააშენა
653 ## - INDEX TERM--UNCONTROLLED
Uncontrolled term პროფესიულ-ტექნიკური განათლება აჭარაში.
942 ## - ADDED ENTRY ELEMENTS (KOHA)
Koha item type წიგნი
ეგზემპლარები
Withdrawn status Lost status Damaged status Not for loan Date acquired Barcode Date last seen Price effective from Koha item type
        2018-12-17 32915 2018-12-17 2018-12-17 წიგნი